[Event "San Francisco TNM Winter op"]
[Site "San Francisco"]
[Date "2011.01.25"]
[Round "4"]
[White "Sherwood, Peter"]
[Black "Reyes, Edsel Delos"]
[Result "1-0"]
[WhiteElo "1798"]
[BlackElo "1531"]
[PlyCount "101"]
[EventDate "2011.01.04"]
[EventType "swiss"]
[EventRounds "8"]
[EventCountry "USA"]
[SourceTitle "EXT 2012"]
[Source "ChessBase"]
[SourceDate "2011.11.24"]
[SourceVersion "1"]
[SourceVersionDate "2011.11.24"]
[SourceQuality "1"]

1. e4 c5 2. Nf3 d6 3. d4 cxd4 4. Nxd4 Nf6 5. Nc3 a6 6. Be3 e6 7. f3 Be7 8. Qd2 0-0 9. 0-0-0 b5 10. Kb1 Bb7 11. g4 Qc7 12. h4 Rd8 13. h5 Nbd7 14. g5 Ne8 15. g6 f5 16. Nxe6 Qc8 17. Nxd8 Qxd8 18. Nd5 fxe4 19. fxe4 Ndf6 20. Bg2 Nxd5 21. exd5 Bc8 22. Qf2 Bf6 23. Bh3 Qe7 24. Rde1 Qc7 25. Bd4 Bb7 26. Be6+ Kh8 27. Bf7 Bxd4 28. Qxd4 Nf6 29. Be6 h6 30. Ref1 Rf8 31. Bf7 Qe7 32. Re1 Qd7 33. Be6 Qd8 34. Ref1 a5 35. Rf5 b4 36. Rhf1 Ba6 37. R1f2 Bc8 38. Bxc8 Qxc8 39. Qa7 Qe8 40. Rf1 Kg8 41. Qf2 Qe4 42. Qe1 Re8 43. Qxe4 Rxe4 44. Kc1 Re8 45. Kd1 Ne4 46. Re1 Nf6 47. Rxe8+ Nxe8 48. Ke2 Nf6 49. Kf3 Kf8 50. Rxf6+ gxf6 51. Kf4 1-0

[Event "San Francisco TNM Fall op"]
[Site "San Francisco"]
[Date "2008.11.25"]
[Round "7"]
[White "Royzen, Igor"]
[Black "Reyes, Edsel Delos"]
[Result "1-0"]
[WhiteElo "1767"]
[BlackElo "1435"]
[PlyCount "89"]
[EventDate "2008.10.14"]
[EventType "swiss"]
[EventRounds "10"]
[EventCountry "USA"]
[SourceTitle "EXT 2012"]
[Source "ChessBase"]
[SourceDate "2011.11.24"]
[SourceVersion "1"]
[SourceVersionDate "2011.11.24"]
[SourceQuality "1"]

1. d4 Nf6 2. Nf3 g6 3. Bf4 d6 4. h3 Bg7 5. e3 0-0 6. Be2 Nbd7 7. 0-0 c5 8. c3 b6 9. Nbd2 Bb7 10. a4 Nd5 11. Bh2 e6 12. Bxd6 Re8 13. Bh2 Rc8 14. Nc4 Bf8 15. Nce5 f6 16. Nxd7 Qxd7 17. Bb5 Bc6 18. Bxc6 Qxc6 19. Qe2 Bd6 20. Bxd6 Qxd6 21. a5 Qc6 22. axb6 axb6 23. Ra7 Ra8 24. Rfa1 Rxa7 25. Rxa7 Ra8 26. Qa6 Rc8 27. Rb7 Qe8 28. e4 Ra8 29. Ra7 Nc7 30. Qxb6 Rxa7 31. Qxa7 Qc6 32. Qxc5 Qxc5 33. dxc5 Kf8 34. Nd4 Ke7 35. Kf1 e5 36. Nc6+ Kd7 37. Nb4 Nb5 38. Ke2 Ke6 39. Kd3 h6 40. Kc4 Nc7 41. Nd5 Ne8 42. b4 f5 43. f3 g5 44. b5 h5 45. b6 1-0

[Event "San Francisco TNM Fall op"]
[Site "San Francisco"]
[Date "2008.11.18"]
[Round "6"]
[White "Reyes, Edsel Delos"]
[Black "Todortsev, Victor"]
[Result "0-1"]
[WhiteElo "1435"]
[BlackElo "1924"]
[PlyCount "56"]
[EventDate "2008.10.14"]
[EventType "swiss"]
[EventRounds "10"]
[EventCountry "USA"]
[SourceTitle "EXT 2012"]
[Source "ChessBase"]
[SourceDate "2011.11.24"]
[SourceVersion "1"]
[SourceVersionDate "2011.11.24"]
[SourceQuality "1"]

1. e4 c5 2. Nf3 d6 3. d4 cxd4 4. Nxd4 Nc6 5. Bc4 Nf6 6. Nc3 e6 7. Bg5 Qa5 8. 0-0 Qxg5 9. Ndb5 Kd7 10. Re1 Qc5 11. Qe2 a6 12. Na3 Nd4 13. Qd3 b5 14. Bb3 Ng4 15. Qg3 Ne5 16. Rad1 Bb7 17. Qe3 Nxb3 18. cxb3 Qxe3 19. Rxe3 b4 20. Na4 bxa3 21. Nb6+ Kc7 22. Nxa8+ Bxa8 23. Rc3+ Kd7 24. bxa3 Bxe4 25. Rdc1 Nc6 26. f3 Bd5 27. a4 Be7 28. a3 Bf6 0-1

[Event "San Francisco Chernev Memorial"]
[Site "San Francisco"]
[Date "2008.09.16"]
[Round "7"]
[White "Reyes, Edsel Delos"]
[Black "Oca Homer, Nicolas"]
[Result "1-0"]
[WhiteElo "1360"]
[BlackElo "1616"]
[PlyCount "87"]
[EventDate "2008.08.05"]
[EventType "swiss"]
[EventRounds "8"]
[EventCountry "USA"]
[SourceTitle "CBM 126 Extra"]
[Source "ChessBase"]
[SourceDate "2008.11.05"]
[SourceVersion "1"]
[SourceVersionDate "2008.11.05"]
[SourceQuality "1"]

1. e4 h6 2. d4 a6 3. Nf3 e6 4. Bd3 Ne7 5. Nc3 g6 6. Be3 Bg7 7. Qd2 d6 8. 0-0-0 b5 9. h4 Nd7 10. h5 g5 11. Nh2 c5 12. dxc5 Nxc5 13. Bxc5 dxc5 14. Bxb5+ Bd7 15. Qxd7+ Qxd7 16. Bxd7+ Kf8 17. Rd3 Bd4 18. Ne2 Be5 19. Nf3 Bg7 20. Rhd1 Rb8 21. c3 Kg8 22. Ba4 Kh7 23. Bc2 Nc6 24. Rd6 Ne5 25. Nxe5 Bxe5 26. Rd7 Kg7 27. Bb3 Rhe8 28. Kc2 Rb6 29. Nc1 Reb8 30. Nd3 Bd6 31. e5 Bf8 32. c4 a5 33. Ba4 Kg8 34. b3 Bg7 35. Rc7 Rd8 36. Rxc5 Rd4 37. g3 Rb8 38. Rxa5 Rbd8 39. Nb2 Rxd1 40. Nxd1 Rd4 41. c5 Bxe5 42. c6 Re4 43. Bb5 f6 44. Bd3 1-0

[Event "San Francisco Chernev Memorial"]
[Site "San Francisco"]
[Date "2008.08.20"]
[Round "3"]
[White "Bertot, German"]
[Black "Reyes, Edsel Delos"]
[Result "1/2-1/2"]
[WhiteElo "1580"]
[BlackElo "1360"]
[PlyCount "75"]
[EventDate "2008.08.05"]
[EventType "swiss"]
[EventRounds "8"]
[EventCountry "USA"]
[SourceTitle "CBM 126 Extra"]
[Source "ChessBase"]
[SourceDate "2008.11.05"]
[SourceVersion "1"]
[SourceVersionDate "2008.11.05"]
[SourceQuality "1"]

1. d4 Nf6 2. c4 g6 3. Nc3 d5 4. Bg5 c6 5. Bxf6 exf6 6. cxd5 cxd5 7. e3 Bg7 8. Qb3 0-0 9. Qxd5 Nc6 10. Qxd8 Rxd8 11. Rc1 a6 12. Nf3 g5 13. Be2 g4 14. Nd2 Bh6 15. Nc4 Nxd4 16. Nb6 Nxe2 17. Nxe2 Rb8 18. Nxc8 Rbxc8 19. Nc3 f5 20. Ke2 Bg7 21. Rhd1 Rxd1 22. Kxd1 Rd8+ 23. Kc2 b5 24. Rd1 Rc8 25. Kb3 Bxc3 26. bxc3 Rc6 27. Rd5 Rf6 28. g3 Kg7 29. Kb4 Kg6 30. Ka5 Rc6 31. Kb4 Kf6 32. Rd4 Ke6 33. c4 Rxc4+ 34. Rxc4 bxc4 35. Kxc4 Kd6 36. Kd4 a5 37. a3 f6 38. Kc4 1/2-1/2

[Event "San Francisco Chernev Memorial"]
[Site "San Francisco"]
[Date "2008.08.12"]
[Round "2"]
[White "Reyes, Edsel Delos"]
[Black "Litowsky, Daniel"]
[Result "0-1"]
[WhiteElo "1360"]
[BlackElo "1719"]
[PlyCount "84"]
[EventDate "2008.08.05"]
[EventType "swiss"]
[EventRounds "8"]
[EventCountry "USA"]
[SourceTitle "CBM 126 Extra"]
[Source "ChessBase"]
[SourceDate "2008.11.05"]
[SourceVersion "1"]
[SourceVersionDate "2008.11.05"]
[SourceQuality "1"]

1. e4 e5 2. Nf3 Nc6 3. Bb5 d6 4. d4 exd4 5. Nxd4 Bd7 6. Nxc6 bxc6 7. Bc4 Nf6 8. Nd2 Be7 9. 0-0 0-0 10. Re1 Re8 11. Bb3 Rb8 12. c3 Ng4 13. h3 Ne5 14. Nf3 Ng6 15. Bc2 Bf6 16. Rb1 c5 17. c4 Be6 18. b3 Qd7 19. g4 Ne5 20. Nxe5 Bxe5 21. f4 Bd4+ 22. Be3 Bxe3+ 23. Rxe3 f6 24. Qf3 Bf7 25. Qg3 a5 26. Qh4 Bg6 27. f5 Bf7 28. g5 fxg5 29. Qxg5 h6 30. Qh4 Qe7 31. Qg4 Qf6 32. Rf1 a4 33. Qg2 axb3 34. Bxb3 c6 35. Qe2 Re7 36. Qg2 Rbe8 37. Rd1 Kh7 38. Red3 Rxe4 39. Rxd6 Re1+ 40. Rxe1 Rxe1+ 41. Kf2 Qh4+ 42. Qg3 Re2+ 0-1